Towards Lasting Peace (Record no. 1237570)

MARC details
000 -LEADER
fixed length control field 00482nam a2200193Ia 4500
008 - FIXED-LENGTH DATA ELEMENTS--GENERAL INFORMATION
fixed length control field 151121s9999||||xx |||||||||||||| ||und||
082 ## - DEWEY DECIMAL CLASSIFICATION NUMBER
Classification number 823-/Gan
082 ## - DEWEY DECIMAL CLASSIFICATION NUMBER
Item number HNW-54243
100 ## - MAIN ENTRY--PERSONAL NAME
Personal name Gandhi M।K।
245 ## - TITLE STATEMENT
Title Towards Lasting Peace
260 ## - PUBLICATION, DISTRIBUTION, ETC. (IMPRINT)
Name of publisher, distributor, etc "Bharatiya Vidya Bhavan, Bombay"
260 ## - PUBLICATION, DISTRIBUTION, ETC. (IMPRINT)
Date of publication, distribution, etc --
300 ## - PHYSICAL DESCRIPTION
Extent 264
600 ## - SUBJECT ADDED ENTRY--PERSONAL NAME
Personal name Gandhi M।K।
630 ## - SUBJECT ADDED ENTRY--UNIFORM TITLE
Uniform title Towards Lasting Peace
700 ## - ADDED ENTRY--PERSONAL NAME
Personal name Gandhi M।K।
730 ## - ADDED ENTRY--UNIFORM TITLE
Uniform title Towards Lasting Peace
942 ## - ADDED ENTRY ELEMENTS (KOHA)
Koha item type Book
Holdings
Withdrawn status Lost status Damaged status Not for loan Home library Current library Date acquired Cost, normal purchase price Total Checkouts Full call number Barcode Date last seen Cost, replacement price Price effective from Koha item type
        Hirachand Nemchand Wachanalaya, Solapur Hirachand Nemchand Wachanalaya, Solapur 11/21/2015 1.00   HNW-54243 HNW-54243 11/21/2015 1.00 11/21/2015 Book